[Event "Quebec-ch 50+"]
[Site "Montreal"]
[Date "2015.04.19"]
[Round "5"]
[White "Dubreuil, Raymond"]
[Black "Hebert, Pierre"]
[Result "1/2-1/2"]
[WhiteElo "1610"]
[BlackElo "1638"]
[PlyCount "47"]
[EventDate "2015.04.17"]
[EventType "swiss"]
[EventRounds "5"]
[EventCountry "CAN"]
[SourceTitle "EXT 2019"]
[Source "ChessBase"]
[SourceDate "2018.10.10"]
[SourceVersion "1"]
[SourceVersionDate "2018.10.10"]
[SourceQuality "1"]

1. Nf3 Nf6 2. c4 d5 3. b3 e6 4. Bb2 c5 5. e3 Nc6 6. g3 b6 7. Bg2 Bb7 8. 0-0 Be7 9. d3 0-0 10. Nbd2 Qc7 11. a3 Rfd8 12. Qc2 d4 13. exd4 Nxd4 14. Nxd4 Bxg2 15. Nxe6 fxe6 16. Kxg2 Qd7 17. Ne4 Nxe4 18. dxe4 Qd2 19. Qc3 Qxc3 20. Bxc3 Rd3 21. Rac1 Rad8 22. f4 Bf6 23. e5 Be7 24. Rfe1 1/2-1/2

[Event "Trois-Rivieres Mauricie U1700 op"]
[Site "Trois Rivieres"]
[Date "2014.03.15"]
[Round "2"]
[White "Cyrenne, Dany"]
[Black "Hebert, Pierre"]
[Result "0-1"]
[WhiteElo "1492"]
[BlackElo "1599"]
[PlyCount "86"]
[EventDate "2014.03.14"]
[EventType "swiss"]
[EventRounds "5"]
[EventCountry "CAN"]
[SourceTitle "EXT 2022"]
[Source "ChessBase"]
[SourceDate "2021.10.06"]
[SourceVersion "1"]
[SourceVersionDate "2021.10.06"]
[SourceQuality "1"]

1. e4 c5 2. c3 d6 3. d4 cxd4 4. cxd4 Nf6 5. Nc3 g6 6. Nf3 Bg7 7. Bc4 0-0 8. 0-0 a6 9. e5 dxe5 10. dxe5 Ng4 11. Bf4 Nc6 12. Re1 e6 13. h3 Nh6 14. Qxd8 Rxd8 15. Rad1 b5 16. Rxd8+ Nxd8 17. Bb3 Bb7 18. Ne4 Bxe4 19. Rxe4 Nc6 20. Nd4 Na5 21. Bc2 Nf5 22. Nxf5 gxf5 23. Re2 Nc6 24. Re1 Rc8 25. Rc1 Nxe5 26. g4 Nf3+ 27. Kf1 Bxb2 28. Rd1 Rxc2 29. Bh6 Rc8 30. gxf5 exf5 31. Ke2 Nh4 32. Rd6 Ra8 33. Kd3 Ng6 34. Kc2 Ne5 35. Bf4 Nc4 36. Rc6 Be5 37. Rxc4 bxc4 38. Bxe5 Rc8 39. Kc3 Kf8 40. Bf6 Ke8 41. a4 Kd7 42. Bd4 Ke6 43. f3 Kd5 0-1

[Event "Quebec-ch Senior"]
[Site "Montreal"]
[Date "2014.02.09"]
[Round "5"]
[White "Hebert, Pierre"]
[Black "Perreault, Marc"]
[Result "1/2-1/2"]
[WhiteElo "1622"]
[BlackElo "1512"]
[PlyCount "54"]
[EventDate "2014.02.07"]
[EventType "swiss"]
[EventRounds "5"]
[EventCountry "CAN"]
[SourceTitle "EXT 2022"]
[Source "ChessBase"]
[SourceDate "2021.10.06"]
[SourceVersion "1"]
[SourceVersionDate "2021.10.06"]
[SourceQuality "1"]

1. d4 d5 2. Nc3 Nf6 3. Bg5 e6 4. e4 dxe4 5. Nxe4 Be7 6. Bxf6 Bxf6 7. Nf3 Nc6 8. c3 0-0 9. Bb5 Bd7 10. Qd2 a6 11. Bd3 g6 12. Nxf6+ Qxf6 13. 0-0-0 Ne7 14. Rde1 Rfd8 15. h4 Nd5 16. h5 Qf4 17. hxg6 Qxd2+ 18. Kxd2 hxg6 19. Rh4 Kg7 20. Ne5 Nf6 21. Reh1 Be8 22. f4 c5 23. g4 cxd4 24. c4 Rac8 25. g5 Nh5 26. Be2 Ng3 27. Rh7+ Kf8 1/2-1/2

[Event "Montreal Mercredi 04"]
[Site "Montreal"]
[Date "2012.04.18"]
[Round "3"]
[White "Hebert, Pierre"]
[Black "Barko, Maxim"]
[Result "0-1"]
[WhiteElo "1669"]
[BlackElo "1668"]
[PlyCount "74"]
[EventDate "2012.04.13"]
[EventType "swiss"]
[EventRounds "5"]
[EventCountry "CAN"]
[SourceTitle "EXT 2022"]
[Source "ChessBase"]
[SourceDate "2021.10.06"]
[SourceVersion "1"]
[SourceVersionDate "2021.10.06"]
[SourceQuality "1"]

1. d4 e6 2. c4 f5 3. g3 Nf6 4. Nc3 d5 5. cxd5 exd5 6. Bg2 c6 7. Bg5 Bd6 8. e3 0-0 9. Nge2 Qe8 10. 0-0 Nbd7 11. Bxf6 Nxf6 12. Nf4 Ne4 13. Re1 g5 14. Nd3 Rf6 15. f4 g4 16. Nxe4 dxe4 17. Ne5 Rh6 18. Bf1 Be6 19. Qc2 Rc8 20. Bc4 Kg7 21. Bxe6 Qxe6 22. Qc4 Qxc4 23. Nxc4 Bb4 24. Re2 c5 25. d5 b5 26. a3 bxc4 27. axb4 cxb4 28. Rxa7+ Kg8 29. Rd2 Rd6 30. Ra4 c3 31. bxc3 bxc3 32. Rc2 Rxd5 33. Rd4 Rb5 34. Ra4 Rb1+ 35. Kf2 Rb2 36. Ra2 Rxa2 37. Rxa2 c2 0-1

[Event "Montreal Mercredi 11"]
[Site "Montreal"]
[Date "2011.12.07"]
[Round "4"]
[White "Millette, Sylvain"]
[Black "Hebert, Pierre"]
[Result "0-1"]
[WhiteElo "1594"]
[BlackElo "1585"]
[PlyCount "120"]
[EventDate "2011.11.16"]
[EventType "swiss"]
[EventRounds "5"]
[EventCountry "CAN"]
[SourceTitle "EXT 2022"]
[Source "ChessBase"]
[SourceDate "2021.10.06"]
[SourceVersion "1"]
[SourceVersionDate "2021.10.06"]
[SourceQuality "1"]

1. Nf3 Nf6 2. g3 d5 3. Bg2 Nbd7 4. d4 e6 5. 0-0 Be7 6. c3 c6 7. Qc2 0-0 8. Nbd2 Re8 9. e4 dxe4 10. Nxe4 Nxe4 11. Qxe4 Nf6 12. Qc2 Qc7 13. Bf4 Bd6 14. Bxd6 Qxd6 15. Rfe1 Bd7 16. Re2 Rac8 17. Ne5 Qc7 18. Rd1 Red8 19. Nd3 b6 20. Rde1 Be8 21. Bh3 Nd5 22. f4 Bd7 23. Ne5 Nf6 24. Nxd7 Nxd7 25. Qb3 Rf8 26. Bxe6 fxe6 27. Rxe6 Kh8 28. Re7 Qd8 29. Qe6 Nf6 30. Re5 Re8 31. Qf7 Rxe7 32. Rxe7 Qg8 33. Qxg8+ Kxg8 34. Rxa7 b5 35. a4 bxa4 36. Rxa4 Nd5 37. Kf2 Kf7 38. c4 Nf6 39. Ra7+ Kg6 40. h3 Ne4+ 41. Kg2 Rb8 42. d5 cxd5 43. cxd5 Rxb2+ 44. Kf3 Nc5 45. Re7 Rb3+ 46. Kg4 Kf6 47. Re5 g6 48. h4 h5+ 49. Kh3 Rd3 50. Kg2 Nd7 51. Re6+ Kf7 52. Rd6 Nf6 53. Re6 Rxd5 54. Re3 Ng4 55. Ra3 Kf6 56. Rb3 Kf5 57. Kf3 Nf6 58. Re3 Rc5 59. Ra3 Ne4 60. Rd3 Rc3 0-1

[Event "Sherbrooke-opB"]
[Site "Sherbrooke"]
[Date "2005.05.28"]
[Round "3"]
[White "Hebert, Pierre"]
[Black "Fabry, Christian"]
[Result "1/2-1/2"]
[WhiteElo "1430"]
[BlackElo "1314"]
[PlyCount "81"]
[EventDate "2005.05.27"]
[EventType "swiss"]
[EventRounds "5"]
[EventCountry "CAN"]
[SourceTitle "CBM 106 Extra"]
[Source "ChessBase"]
[SourceDate "2005.07.01"]
[SourceVersion "1"]
[SourceVersionDate "2005.07.01"]
[SourceQuality "1"]

1. d4 Nf6 2. c4 c5 3. d5 e6 4. Nc3 exd5 5. Nxd5 d6 6. Nf3 Nxd5 7. Qxd5 h6 8. Qd1 Nc6 9. e3 Be7 10. Bd3 Bg4 11. Be2 Qd7 12. 0-0 0-0 13. Bd2 f5 14. h3 Bh5 15. Bc3 Bf6 16. Qc2 Bxc3 17. Qxc3 Qe8 18. Qc2 Rf6 19. Rfe1 Rd8 20. Rad1 Rd7 21. Nh2 Bxe2 22. Qxe2 Re7 23. Qd2 Ne5 24. Qd5+ Kh8 25. Nf3 Nxf3+ 26. Qxf3 Re4 27. Qe2 f4 28. Qd2 Rfe6 29. b3 fxe3 30. Rxe3 Rxe3 31. fxe3 Qh5 32. Rf1 Kg8 33. Rf3 Rg6 34. Qf2 Kh7 35. Kh1 a6 36. Qc2 b5 37. Qe4 Qg5 38. Rf5 Qg3 39. h4 Qe1+ 40. Kh2 Qg3+ 41. Kg1 1/2-1/2